000 00928cam a2200289 a 4500
008
020 _a9780521886062(hbk.)
049 _aMAIN
090 _aHF1418.5
_bGLO
245 0 0 _aGlobalisation, regionalism and economic interdependence /
_cedited by Filippo di Mauro, Stephane Dees and Warwick J. McKibbin.
260 _aCambridge :
_bCambridge University Press,
_c2008.
300 _axiv, 167 p. :
_bill. ;
_c24 cm.
504 _aIncludes bibliographical references.
500 _aIncludes index.
650 0 _aInternational economic integration.
650 0 _aFree trade.
650 0 _aRegionalism.
650 0 _aGlobalization.
700 1 _aDi Mauro, Filippo.
700 1 _aDees, Stephane.
700 1 _aMcKibbin, Warwick J.
907 _a.b1028171x
_b16-09-10
_c31-08-10
003
005 20230123125039.0
040 _cNUST
942 _cBOOKS
_kHF1418.5
_mGLO
999 _c134788
_d134788